| 000 | 00464nam a2200193Ia 4500 | ||
|---|---|---|---|
| 005 | 20240823014754.0 | ||
| 008 | 240823s9999||||xx |||||||||||||| ||und|| | ||
| 020 | _a81-224-0788-9 | ||
| 041 | _aENGLISH | ||
| 082 | _A621.381 P3 | ||
| 100 | _aVirendra Kumar | ||
| 245 | 0 | _aDigital Technology | |
| 250 | _a1st | ||
| 260 |
_c2003 _bNew Age International (P _aNew Delhi |
||
| 500 | _aYES | ||
| 650 |
_aDigital _bInstrumentation |
||
| 942 | _cBK | ||
| 999 |
_c170866 _d170866 |
||